Pučistický režim chce získať legitimitu

Bibliographic Details
Main Author: Polakovič, Alexander (Author)
Format: Article
Language:Slovak
Subjects:

MARC

LEADER 00000nab a2200000 a 4500
001 vtls000578919
003 SK-MaSNL
005 20260304065358.0
008 120930c1996 xo 0 slo
015 |a SNBRB19rr/mm-uuuuu 
035 |a CL0579057 
040 |a SNKBUCL  |b slo  |c SNKBUCL  |e AACR2 
041 0 |a slo 
044 |a xo  |c SK 
080 |a 323(624):324(624)  |2 1981 
080 |a 324(624)  |2 1981 
100 1 |a Polakovič, Alexander  |4 aut  |9 272819 
245 1 0 |a Pučistický režim chce získať legitimitu  |c Alexander Polakovič 
650 0 7 |a vnútorná politika  |2 snkbucl  |9 970 
650 0 7 |a prezidentské voľby  |2 snkbucl  |9 4489 
650 0 7 |a parlamentné voľby  |2 snkbucl  |9 1623 
651 7 |a Sudán  |2 snkbucl  |9 17274 
655 7 |a články z novín a časopisov  |2 snkbucl  |9 267496 
773 0 |t Národná obroda  |g Roč. 7, č. 62 (14. 3. 1996), s. 7 
850 |a Slovenská národná knižnica v Martine  |a MTA001 
852 |a SNK  |b KIS3GCP 
958 |a RK 
992 |a RBX 
999 |c 2750439  |d 2752369